Top 100 Roller Coasters - Statistics

General Stats
  • This quiz has been taken 127 times
  • The average score is 46 of 100
Answer Stats
Rank Park Answer % Correct
4 Islands of Adventure Velocicoaster
86%
1 Cedar Point Steel Vengeance
83%
10 Carowinds Fury 325
80%
2 Busch Gardens Tampa Iron Gwazi
80%
11 Cedar Point Maverick
77%
3 Energylandia Zadra
77%
12 Kings Dominion Pantherian
73%
15 Parque Warner Madrid Batman Gotham City Escape
72%
50 Cedar Point Millennium Force
72%
7 Plopsaland de Panne Ride to Happiness
72%
19 Six Flags Great Adventure El Toro
69%
93 Six Flags Great Adventure Kingda Ka
69%
9 Fun Spot America Atlanta ArieForce One
67%
21 Dollywood Lightning Rod
67%
30 Hersheypark Skyrush
66%
35 Six Flags Magic Mountain X2
65%
58 Ferrari World Abu Dhabi Formula Rossa
64%
22 Phantasialand Taron
63%
41 Phantasialand FLY
61%
63 Six Flags Great America Goliath
61%
74 Six Flags Over Georgia Goliath
61%
53 Cedar Point Top Thrill Dragster
61%
27 Six Flags Magic Mountain Twisted Colossus
61%
37 Holiday World Voyage
61%
26 Energylandia Hyperion
60%
56 Canadas Wonderland Leviathan
60%
13 Hersheypark Wildcat's Revenge
60%
45 SeaWorld Orlando Mako
59%
78 Kings Island Orion
59%
46 Silver Dollar City Time Traveler
59%
6 Nagashima Spa Land Hakugei
58%
59 Six Flags New England Superman: The Ride
58%
5 Fuji-Q Highland Eejanaika
57%
38 Six Flags Fiesta Texas Iron Rattler
57%
55 Kings Island Mystic Timbers
55%
48 Knoebels Phoenix
55%
17 Kings Dominion Twisted Timbers
55%
14 Walibi Holland Untamed
55%
18 Europa Park Voltron
53%
67 Six Flags Discovery Kingdom Joker
52%
51 Kennywood Phantom's Revenge
52%
8 Linnanmaki Taiga
52%
16 Parc Asterix Toutatis
52%
28 Six Flags New England Wicked Cyclone
52%
24 Kolmarden Wildfire
52%
43 Thorpe Park Hyperia
51%
34 Busch Gardens Williamsburg Pantheon
51%
86 Kings Island Diamondback
50%
32 Silver Dollar City Outlaw Run
49%
65 Knott's Berry Farm GhostRider
48%
69 Islands of Adventure Hagrid's Magical Creatures Motorbike Adventure
48%
60 Six Flags Over Georgia Twisted Cyclone
48%
25 Liseberg Helix
47%
64 Six Flags Mexico Medusa Steel Coaster
45%
62 Six Flags Magic Mountain Tatsu
45%
33 Universal Studios Japan Flying Dinosaur
44%
20 Walibi Belgium Kondaa
44%
76 Busch Gardens Tampa Montu
44%
36 Kentucky Kingdom Wind Chaser
44%
82 SeaWorld Abu Dhabi Manta
43%
52 California's Great America RailBlazer
42%
31 PortAventura Park Shambhala
42%
39 Warner Bros. Movie World DC Rivals HyperCoaster
41%
29 Holiday Park Expedition GeForce
41%
89 Six Flags Magic Mountain Wonder Woman Flight of Courage
40%
75 Six Flags Fiesta Texas Wonder Woman Golden Lasso
40%
100 Mt. Olympus Hades 360
39%
23 Everland T Express
39%
97 Knott's Berry Farm Xcelerator
39%
47 China Dinosaurs Park Dinoconda
38%
57 Alton Towers Nemesis Reborn
38%
42 Ferrari World Abu Dhabi Flying Aces
36%
85 Epcot Guardians of the Galaxy: Cosmic Rewind
36%
44 Legendia Lech Coaster
36%
91 Canadas Wonderland Behemoth
35%
81 Six Flags Over Texas New Texas Giant
35%
80 Hersheypark Storm Runner
34%
61 Mirabilandia iSpeed
33%
73 Kentucky Kingdom Lightning Run
33%
54 Farup Sommerland Fonix
31%
92 Parc Asterix OzIris
31%
95 Six Flags Great Adventure Jersey Devil Coaster
30%
68 Waldameer Ravine Flyer II
28%
66 Mirabilandia Katun
27%
40 Hansa Park Schwur Des Karnan
27%
87 Liseberg Balder
24%
77 Djurs Sommerland Piraten
23%
96 Walibi Rhone-Alpes Mahuka
20%
71 Knight Valley Wood Coaster
20%
83 Land of Legends Theme Park Hyper Coaster
18%
84 PowerPark Junker
14%
72 Parque Espana-Shima Spain Village Pyrenees
14%
49 Suzhou Amusement Land Forest World Beyond the Cloud
11%
98 Lewa Adventure Flash
11%
94 Nanchang Wanda Park Python in Bamboo Forest
10%
70 Happy Valley Beijing Extreme Rusher
8%
99 Hefei Wanda Theme Park Soaring with Dragon
7%
79 World Joyland Starry Sky Ripper
7%
88 Happy Valley Shenzhen Bullet Coaster
6%
90 Happy Valley Wuhan OCT Thrust SSC1000
6%
No matching quizzes found
Score Distribution
Percent of People with Each Score
Percentile by Number Answered
Your Score History
You have not taken this quiz